[Event "The USA Championship 2019"]
[Site "Saint Louis USA"]
[Date "2019.03.29"]
[Round "9"]
[White "So, Wesley"]
[Black "Lenderman, Aleksandr"]
[Result "1-0"]
[WhiteElo "2762"]
[BlackElo "2637"]
[PlyCount "119"]
[EventDate "2019.03.20"]

1. c4 e6 2. Nc3 d5 3. d4 Nf6 4. cxd5 exd5 5. Bg5 c6 6. e3 Be7 7. Bd3 Nbd7 8. h3
Nf8 9. Qc2 Ne6 10. Bh4 g6 11. Nge2 Ng7 12. f3 O-O 13. O-O-O b5 14. g4 a5 15.
Nf4 a4 16. Kb1 Ne6 17. Nce2 Nxf4 18. exf4 Bd7 19. f5 b4 20. Qc1 Ne8 21. Bg3 a3
22. b3 Bg5 23. Qc2 Bh4 24. Be5 f6 25. Bf4 gxf5 26. gxf5 Kh8 27. Rdg1 Qe7 28.
Rg4 Bg5 29. Rhg1 Rc8 30. Qd2 Ng7 31. Bxg5 fxg5 32. Rxg5 Nxf5 33. Rh5 Rf6 34.
Rgg5 Re8 35. Nc1 Ref8 36. Bc2 R8f7 37. Qf4 Qe3 38. Qb8+ Rf8 39. Qxb4 R6f7 40.
Qxa3 Qxd4 41. Rg4 Qc3 42. Rf4 Ne3 43. Bxh7 Rxf4 44. Qd6 R8f7 45. Bd3+ Kg8 46.
Rg5+ Rg7 47. Qxf4 Nd1 48. Rxg7+ Kxg7 49. Qh2 Qd4 50. Qd2 Nf2 51. Qg5+ Kf7 52.
Bg6+ Kf8 53. h4 Nd1 54. Qd8+ Kg7 55. Qxd7+ Kxg6 56. Qg4+ Qxg4 57. fxg4 Ne3 58.
g5 Nf5 59. a4 Nxh4 60. a5 1-0

[Event "The USA Championship 2019"]
[Site "Saint Louis USA"]
[Date "2019.03.29"]
[Round "9"]
[White "Xiong, Jeffery"]
[Black "Sevian, Samuel"]
[Result "1/2-1/2"]
[WhiteElo "2663"]
[BlackElo "2642"]
[PlyCount "206"]
[EventDate "2019.03.20"]

1. Nf3 d5 2. d4 Nf6 3. c4 e6 4. g3 dxc4 5. Bg2 c5 6. O-O Nc6 7. Ne5 Bd7 8. Nxc4
cxd4 9. Bf4 Be7 10. Nd6+ Kf8 11. Nxb7 Qb6 12. Nd6 Qc5 13. b4 Qxb4 14. a3 Qc5
15. Nd2 e5 16. N2e4 Nxe4 17. Nxe4 Qb6 18. Bg5 f6 19. Rb1 Qa6 20. f4 fxg5 21.
fxe5+ Ke8 22. Qb3 Nd8 23. Nd6+ Bxd6 24. exd6 Rc8 25. Qd5 Qxa3 26. e3 Ne6 27.
exd4 Qe3+ 28. Kh1 Qxd4 29. Rfe1 Qxd5 30. Bxd5 Kd8 31. Bxe6 Re8 32. Bxd7 Rxe1+
33. Rxe1 Kxd7 34. Re7+ Kxd6 35. Rxa7 Rc7 36. Ra5 h6 37. Kg2 g4 38. Ra2 Ke6 39.
h3 gxh3+ 40. Kxh3 Rc5 41. Ra4 Kf6 42. Rf4+ Rf5 43. Ra4 Rf1 44. Kg4 Kg6 45. Ra5
Rf6 46. Rb5 Re6 47. Ra5 Re4+ 48. Kf3 Rb4 49. Rc5 h5 50. Rc6+ Kg5 51. Rc5+ Kh6
52. Rc6+ g6 53. Rc5 Rb3+ 54. Kf2 Rd3 55. Ra5 Kg7 56. Rb5 Ra3 57. Rc5 Ra6 58.
Rb5 Kf6 59. Kf3 Kg7 60. Kf2 Rf6+ 61. Kg2 Rf5 62. Rb4 Ra5 63. Kf3 Kf6 64. Kf2 g5
65. Kf3 Kf5 66. Kf2 Ra3 67. Rc4 Ra2+ 68. Kf3 Ra5 69. Rb4 Rd5 70. Ra4 Rd3+ 71.
Kf2 Ke5 72. Rb4 Rd5 73. Ra4 Rb5 74. Kf3 g4+ 75. Kf2 Rb2+ 76. Ke3 Rb3+ 77. Kf2
Rf3+ 78. Kg2 Rd3 79. Ra8 Rd2+ 80. Kg1 Ke4 81. Rf8 Rd5 82. Kg2 Kd3 83. Re8 Kd4
84. Re7 Re5 85. Rd7+ Ke3 86. Ra7 Rd5 87. Re7+ Kd4 88. Re8 Ra5 89. Rd8+ Ke5 90.
Re8+ Kf6 91. Rf8+ Kg7 92. Rf2 Kg6 93. Rb2 Kf6 94. Rf2+ Ke5 95. Re2+ Kd4 96. Re8
Ra2+ 97. Kg1 Rd2 98. Re7 Kd3 99. Re5 Re2 100. Rf5 Ke3 101. Rf8 Rd2 102. Rf7 Ke2
103. Rf2+ Ke3 1/2-1/2

[Event "The USA Championship 2019"]
[Site "Saint Louis USA"]
[Date "2019.03.29"]
[Round "9"]
[White "Shankland, Samuel"]
[Black "Gareyev, Timur"]
[Result "1-0"]
[WhiteElo "2731"]
[BlackElo "2557"]
[PlyCount "155"]
[EventDate "2019.03.20"]

1. d4 Nf6 2. c4 e6 3. Nf3 Bb4+ 4. Bd2 a5 5. e3 O-O 6. Bd3 d6 7. O-O Re8 8. Bc1
e5 9. a3 Bc5 10. dxc5 e4 11. cxd6 exd3 12. dxc7 Qxc7 13. Qxd3 Na6 14. b3 Nc5
15. Qc2 a4 16. Nbd2 axb3 17. Nxb3 Nxb3 18. Qxb3 Ra5 19. Bb2 Ne4 20. Rfd1 Be6
21. Rd4 Nc5 22. Qc2 Na4 23. Rc1 f6 24. h3 Bf5 25. Qb3 Nc5 26. Qd1 Be4 27. Nd2
Bc6 28. Bc3 Raa8 29. Bb4 Ne6 30. Rd6 Ng5 31. Qg4 Qf7 32. Rd1 h5 33. Qg3 Qg6 34.
h4 Qc2 35. Re1 Ne6 36. e4 Rad8 37. Qb3 Qxb3 38. Nxb3 Rxd6 39. Bxd6 Rd8 40. Bb4
Ba4 41. Nd2 Kf7 42. Nf1 Rd4 43. c5 Nf4 44. f3 Nd3 45. Rb1 Bc2 46. Ra1 Ba4 47.
Ne3 Nxb4 48. axb4 Rxb4 49. Nf5 Bc6 50. Ra8 g6 51. Nd6+ Ke6 52. Rg8 b6 53. Rxg6
bxc5 54. Nf5 Bxe4 55. fxe4 Rxe4 56. Ng3 Rxh4 57. Ne2 Rb4 58. Kf2 Kf5 59. Rg3
Rc4 60. Rf3+ Kg5 61. Ng1 Rc2+ 62. Kg3 h4+ 63. Kh2 Rc4 64. Nh3+ Kg6 65. Nf4+ Kf5
66. Nd5+ Kg5 67. Nxf6 Rd4 68. Nh7+ Kh6 69. Nf8 Rd6 70. Rf7 Rc6 71. Nd7 c4 72.
Ne5 Rc5 73. Ng4+ Kg6 74. Rf2 c3 75. Ne3 Rg5 76. Rc2 Rc5 77. Nd1 Kg5 78. Rxc3
1-0

[Event "The USA Championship 2019"]
[Site "Saint Louis USA"]
[Date "2019.03.30"]
[Round "10"]
[White "Nakamura, Hikaru"]
[Black "Dominguez Perez, Leinier"]
[Result "1/2-1/2"]
[WhiteElo "2746"]
[BlackElo "2739"]
[PlyCount "57"]
[EventDate "2019.03.20"]

1. d4 d5 2. c4 e6 3. Nc3 Nf6 4. Nf3 c5 5. cxd5 Nxd5 6. e4 Nxc3 7. bxc3 cxd4 8.
cxd4 Bb4+ 9. Bd2 Bxd2+ 10. Qxd2 O-O 11. Rc1 b6 12. Bd3 Bb7 13. Qe3 Nc6 14. O-O
Rc8 15. Bb1 Qe7 16. Rfd1 Na5 17. h4 Rxc1 18. Rxc1 Rc8 19. Rxc8+ Bxc8 20. Qf4 h6
21. Bd3 Qd8 22. h5 Nc6 23. Qc1 Bb7 24. Qc3 Qd6 25. a3 Ne7 26. Ne5 Nc6 27. Nf3
Ne7 28. Ne5 Nc6 29. Nf3 1/2-1/2

[Event "The USA Championship 2019"]
[Site "Saint Louis USA"]
[Date "2019.03.30"]
[Round "10"]
[White "Caruana, Fabiano"]
[Black "Lenderman, Aleksandr"]
[Result "1-0"]
[WhiteElo "2828"]
[BlackElo "2637"]
[PlyCount "93"]
[EventDate "2019.03.20"]

1. e4 e5 2. Nf3 Nf6 3. Nxe5 d6 4. Nf3 Nxe4 5. Nc3 Nf6 6. d4 Be7 7. Bd3 O-O 8.
O-O Nc6 9. d5 Nb4 10. Be2 c6 11. dxc6 bxc6 12. a3 Nbd5 13. Nxd5 Nxd5 14. Nd4
Bd7 15. Bf3 Rc8 16. Bxd5 cxd5 17. Be3 Bf6 18. Qd2 Qc7 19. h3 Rfe8 20. Rfe1 h6
21. c3 Qb7 22. Nf3 Re6 23. Bd4 Be7 24. b4 a6 25. a4 Re8 26. Kh2 Re4 27. Reb1
Bd8 28. b5 a5 29. Rb2 Qa8 30. Qd3 Qb7 31. Nd2 Rf4 32. Nb3 Bf5 33. Qg3 g5 34. b6
Qa6 35. Nd2 Bd7 36. Rab1 Qb7 37. Nb3 Qa6 38. Nc1 Qb7 39. Nd3 Rxd4 40. cxd4 Re6
41. Nf4 Re4 42. Ne2 Bxa4 43. Nc3 Rxd4 44. Qxd6 Be7 45. Qe5 Re4 46. Nxe4 dxe4
47. Rc1 1-0

[Event "The USA Championship 2019"]
[Site "Saint Louis USA"]
[Date "2019.03.30"]
[Round "10"]
[White "Sevian, Samuel"]
[Black "So, Wesley"]
[Result "1/2-1/2"]
[WhiteElo "2642"]
[BlackElo "2762"]
[PlyCount "108"]
[EventDate "2019.03.20"]

1. e4 e5 2. Nf3 Nc6 3. Bc4 Bc5 4. c3 Nf6 5. d4 exd4 6. e5 d5 7. Bb5 Ne4 8. cxd4
Bb6 9. Nc3 O-O 10. Be3 Bg4 11. h3 Bh5 12. Qc2 Bg6 13. Qb3 Ne7 14. O-O c6 15.
Bd3 Nf5 16. Rfe1 Ba5 17. Rad1 Bxc3 18. bxc3 c5 19. Bxe4 dxe4 20. Nd2 Bh5 21.
Rc1 cxd4 22. cxd4 Nxd4 23. Bxd4 Qxd4 24. Nxe4 Rae8 25. Ng3 Rxe5 26. Rxe5 Qxe5
27. Qxb7 a5 28. Qc7 Qxc7 29. Rxc7 Bd1 30. Ra7 a4 31. Nf5 Rd8 32. Ne3 h6 33. Kf1
Rd4 34. f3 Rd3 35. Kf2 Bc2 36. Nxc2 Rd2+ 37. Kg3 Rxc2 38. Rxa4 g5 39. h4 Kg7
40. h5 Rd2 41. Kh3 Rf2 42. Ra8 Rc2 43. a4 Rc4 44. g3 Rb4 45. a5 Ra4 46. a6 Kf6
47. Kg2 Ra3 48. Kf2 Kf5 49. Ke2 g4 50. fxg4+ Kxg4 51. a7 Kf5 52. g4+ Kf6 53.
g5+ Kg7 54. gxh6+ Kh7 1/2-1/2

[Event "The USA Championship 2019"]
[Site "Saint Louis USA"]
[Date "2019.03.30"]
[Round "10"]
[White "Liang, Awonder"]
[Black "Xiong, Jeffery"]
[Result "1/2-1/2"]
[WhiteElo "2590"]
[BlackElo "2663"]
[PlyCount "69"]
[EventDate "2019.03.20"]

1. e4 c6 2. Nc3 d5 3. Nf3 g6 4. d4 Bg7 5. h3 dxe4 6. Nxe4 Nf6 7. Bd3 O-O 8. O-O
Nxe4 9. Bxe4 Nd7 10. c3 c5 11. Bc2 cxd4 12. Nxd4 a6 13. Bg5 Bf6 14. Bxf6 Nxf6
15. Re1 Re8 16. Re5 Qb6 17. Bb3 Nd7 18. Re3 Nc5 19. Qe2 e6 20. Re1 Bd7 21. Qf3
Ba4 22. Bc4 Bd7 23. Qf6 Qd8 24. Qf4 Rc8 25. Nf3 b5 26. b4 bxc4 27. bxc5 Rxc5
28. Ne5 Qe7 29. Ng4 f5 30. Ne5 Bc6 31. Rg3 Qg7 32. Qd4 Rd5 33. Qf4 Rc5 34. Qd4
Rd5 35. Qf4 1/2-1/2

[Event "The USA Championship 2019"]
[Site "Saint Louis USA"]
[Date "2019.03.30"]
[Round "10"]
[White "Akobian, Varuzhan"]
[Black "Shankland, Samuel"]
[Result "1/2-1/2"]
[WhiteElo "2625"]
[BlackElo "2731"]
[PlyCount "80"]
[EventDate "2019.03.20"]

1. d4 d5 2. c4 e6 3. Nc3 c6 4. e3 Nf6 5. Nf3 Nbd7 6. Bd3 dxc4 7. Bxc4 b5 8. Bd3
a6 9. a4 Bb7 10. b3 b4 11. Ne4 c5 12. Nxf6+ gxf6 13. Bb2 cxd4 14. exd4 Qc7 15.
Rc1 Qf4 16. Be2 Bd6 17. g3 Qh6 18. O-O Ke7 19. Ne1 Rhc8 20. Bf3 Bxf3 21. Qxf3
Qg5 22. Nd3 h5 23. Nc5 h4 24. Nxd7 Kxd7 25. Qb7+ Kd8 26. d5 hxg3 27. dxe6 gxf2+
28. Kh1 fxe6 29. Rcd1 Qc5 30. Rxf2 Qc6+ 31. Qxc6 Rxc6 32. Rxf6 Ke7 33. Re1 Bc7
34. Rg6 Rf8 35. Rg7+ Ke8 36. Be5 Bxe5 37. Rxe5 Rf2 38. Rg2 Rf4 39. Rge2 Kd7 40.
Kg2 Rd4 1/2-1/2

[Event "The USA Championship 2019"]
[Site "Saint Louis USA"]
[Date "2019.03.30"]
[Round "10"]
[White "Gareyev, Timur"]
[Black "Robson, Ray"]
[Result "1-0"]
[WhiteElo "2557"]
[BlackElo "2667"]
[PlyCount "53"]
[EventDate "2019.03.20"]

1. Nf3 d5 2. d4 Nf6 3. c4 c6 4. Nbd2 Bf5 5. Nh4 Be4 6. Qb3 Qb6 7. f3 Qxb3 8.
Nxb3 Bc2 9. Bd2 h6 10. g4 e6 11. Rc1 Bxb3 12. axb3 Be7 13. Ng2 Nbd7 14. e3 e5
15. dxe5 Nxe5 16. Kf2 Ned7 17. Bc3 O-O 18. Nf4 Nc5 19. h4 Ne6 20. g5 hxg5 21.
hxg5 Nxg5 22. Bd3 Ne6 23. Bxf6 gxf6 24. Bh7+ Kg7 25. Nxe6+ fxe6 26. Rcg1+ Kf7
27. Bg6+ 1-0

[Event "The USA Championship 2019"]
[Site "Saint Louis USA"]
[Date "2019.03.31"]
[Round "11"]
[White "Xiong, Jeffery"]
[Black "Nakamura, Hikaru"]
[Result "0-1"]
[WhiteElo "2663"]
[BlackElo "2746"]
[PlyCount "116"]
[EventDate "2019.03.20"]

1. d4 f5 2. Nf3 Nf6 3. c4 g6 4. g3 Bg7 5. Bg2 O-O 6. O-O d6 7. Nc3 Nc6 8. d5
Na5 9. b3 c5 10. Bb2 a6 11. Ng5 Rb8 12. Qd3 Qe8 13. Nd1 b5 14. Qd2 Nb7 15. Ne3
Nd8 16. Nh3 Bd7 17. Rad1 b4 18. Qc2 a5 19. Nf4 a4 20. h4 Ra8 21. Qb1 Ra6 22.
Bf3 Qf7 23. Neg2 Ng4 24. Bxg4 fxg4 25. e4 Bxb2 26. Qxb2 Qg7 27. Qxg7+ Kxg7 28.
e5 Bf5 29. exd6 exd6 30. Rfe1 Nf7 31. Re7 Kf6 32. Rb7 axb3 33. axb3 Rfa8 34.
Ne3 Ra1 35. Kf1 Ne5 36. Rxa1 Rxa1+ 37. Ke2 Nf3 38. Nxf5 Kxf5 39. Ke3 Re1+ 40.
Kd3 Ne5+ 41. Kd2 Ra1 42. Ne6 h6 43. Rb6 Ra3 44. Kc2 Ra2+ 45. Kd1 Nd3 46. Rxd6
Nxf2+ 47. Ke1 Nd3+ 48. Kd1 Ke4 49. Nc7 Nf2+ 50. Ke1 Kd3 51. Rxg6 Ne4 52. Kf1
Nxg3+ 53. Kg1 Ne2+ 54. Kh1 Ke3 55. Rf6 Ra1+ 56. Kg2 Rg1+ 57. Kh2 g3+ 58. Kh3
Rh1+ 0-1

[Event "The USA Championship 2019"]
[Site "Saint Louis USA"]
[Date "2019.03.31"]
[Round "11"]
[White "Dominguez Perez, Leinier"]
[Black "Gareyev, Timur"]
[Result "1/2-1/2"]
[WhiteElo "2739"]
[BlackElo "2557"]
[PlyCount "154"]
[EventDate "2019.03.20"]

1. e4 c5 2. Nf3 Nc6 3. d4 cxd4 4. Nxd4 Nf6 5. Nc3 d6 6. f3 e5 7. Nb3 Be6 8. Nd5
Be7 9. c4 O-O 10. Be3 a5 11. Qd2 a4 12. Nc1 Nd7 13. Ne2 f5 14. exf5 Bxf5 15.
Nec3 Nc5 16. Be2 Bh4+ 17. g3 Bf6 18. Rd1 Ne6 19. O-O Ncd4 20. Bd3 Bh3 21. Rf2
Bg5 22. Bf1 Bxf1 23. Rdxf1 Bxe3 24. Qxe3 Rc8 25. f4 Rxc4 26. fxe5 Rxf2 27. Rxf2
Rc5 28. Kg2 h6 29. h4 Nc6 30. exd6 Qxd6 31. Rd2 Ncd4 32. Rxd4 Nxd4 33. Qxd4 a3
34. Nf6+ Qxf6 35. Qxc5 axb2 36. Qd5+ Kh8 37. Nb1 Qg6 38. Qd1 Qe4+ 39. Kf2 Qf5+
40. Kg2 Qe4+ 41. Kh2 Qf5 42. h5 Qf2+ 43. Kh3 Qf5+ 44. g4 Qe4 45. Kg3 b5 46. a3
b4 47. axb4 Qxb4 48. Qd8+ Kh7 49. Qd3+ Kh8 50. Qf5 Qd4 51. Kf3 Kg8 52. Ke2 Kh8
53. Kf3 Kg8 54. Qe6+ Kh8 55. Ke2 Kh7 56. Qf5+ Kh8 57. Nd2 Qc3 58. Qf8+ Kh7 59.
Qf5+ Kh8 60. Qe4 Kg8 61. Qd5+ Kh8 62. Qd8+ Kh7 63. Qd3+ Qxd3+ 64. Kxd3 g6 65.
Kc2 Kg7 66. Ne4 gxh5 67. gxh5 Kf7 68. Kxb2 Ke6 69. Kc3 Kf5 70. Kd4 Kg4 71. Nf6+
Kf5 72. Ne4 Kg4 73. Nf6+ Kf5 74. Ne8 Kg5 75. Ng7 Kf6 76. Ne8+ Kg5 77. Ng7 Kf6
1/2-1/2

[Event "The USA Championship 2019"]
[Site "Saint Louis USA"]
[Date "2019.03.31"]
[Round "11"]
[White "Shankland, Samuel"]
[Black "Caruana, Fabiano"]
[Result "1/2-1/2"]
[WhiteElo "2731"]
[BlackElo "2828"]
[PlyCount "77"]
[EventDate "2019.03.20"]

1. d4 Nf6 2. c4 e6 3. Nf3 Bb4+ 4. Bd2 Be7 5. Nc3 O-O 6. e4 d5 7. cxd5 exd5 8.
e5 Ne4 9. Bd3 Nxd2 10. Qxd2 Nc6 11. O-O Bg4 12. Qf4 Bxf3 13. Qxf3 Nxd4 14. Qxd5
Qxd5 15. Nxd5 Bd8 16. Rad1 c6 17. Nc3 Bb6 18. Rfe1 Rfe8 19. Kf1 Rad8 20. f4 Ba5
21. g3 g6 22. a3 Bxc3 23. bxc3 Nb3 24. Kf2 Nc5 25. Bc2 Kf8 26. Kf3 a5 27. Rxd8
Rxd8 28. Rd1 Rxd1 29. Bxd1 h5 30. Ke3 Ke7 31. Kd4 Ne6+ 32. Ke3 Nc7 33. Be2 b5
34. Kd4 Ne6+ 35. Ke3 Nc5 36. Bd1 Kd7 37. Bc2 Ke7 38. Bd1 Kd7 39. Bc2 1/2-1/2

[Event "The USA Championship 2019"]
[Site "Saint Louis USA"]
[Date "2019.03.31"]
[Round "11"]
[White "So, Wesley"]
[Black "Liang, Awonder"]
[Result "0-1"]
[WhiteElo "2762"]
[BlackElo "2590"]
[PlyCount "168"]
[EventDate "2019.03.20"]

1. c4 Nf6 2. Nc3 e5 3. Nf3 Nc6 4. e3 Bb4 5. Qc2 Bxc3 6. Qxc3 Qe7 7. d4 e4 8.
Ng1 d5 9. b3 O-O 10. Ne2 a5 11. Nf4 Be6 12. Be2 g5 13. Nxe6 fxe6 14. a3 Qd7 15.
O-O Ne7 16. b4 a4 17. b5 Rf7 18. c5 Qe8 19. f4 exf3 20. Rxf3 g4 21. Rf4 Ng6 22.
Qc2 e5 23. Rf5 e4 24. Bd2 Nh4 25. Re5 Qf8 26. Be1 Nf3+ 27. Bxf3 gxf3 28. Bg3
Ng4 29. Rg5+ Rg7 30. Rxd5 Qf7 31. Qa2 f2+ 32. Bxf2 Nxf2 33. Re5 Nh3+ 34. Kh1
Nf2+ 35. Kg1 Qxa2 36. Rxa2 Nd1 37. g3 Rf7 38. Rxe4 Nc3 39. Rg4+ Kf8 40. Rd2
Nxb5 41. Rd3 c6 42. e4 Re8 43. d5 Nc7 44. Rd4 Re5 45. Rxa4 cxd5 46. exd5 Nxd5
47. Rge4 Rxe4 48. Rxe4 Rc7 49. Rh4 Nf6 50. Kg2 Rxc5 51. Rb4 Rc7 52. g4 Nd5 53.
Rb5 Nc3 54. Rb6 Kf7 55. Kg3 Nd5 56. Rd6 Ne3 57. Rh6 Kg7 58. Rb6 Nc4 59. Rb3 Kf6
60. Kf4 Ke6 61. h3 Nd6 62. Re3+ Kf7 63. Rd3 Rc6 64. Rb3 Ra6 65. Kg5 Ra5+ 66.
Kh4 b5 67. Rd3 Nc4 68. Rd7+ Kg6 69. Rb7 Nxa3 70. Rb6+ Kf7 71. Rb7+ Ke6 72. g5
Nc4 73. Rxh7 Nd6 74. Rh6+ Ke5 75. Rh8 b4 76. Rf8 Rb5 77. g6 Rb7 78. Rf3 Rb8 79.
Rb3 Kf6 80. Kh5 Kg7 81. Kg5 Ne4+ 82. Kf5 Nd2 83. Rd3 Rb5+ 84. Kf4 b3 0-1

[Event "The USA Championship 2019"]
[Site "Saint Louis USA"]
[Date "2019.03.31"]
[Round "11"]
[White "Lenderman, Aleksandr"]
[Black "Sevian, Samuel"]
[Result "1/2-1/2"]
[WhiteElo "2637"]
[BlackElo "2642"]
[PlyCount "51"]
[EventDate "2019.03.20"]

1. d4 Nf6 2. c4 e6 3. Nc3 Bb4 4. Qc2 O-O 5. Nf3 d5 6. a3 Bxc3+ 7. Qxc3 dxc4 8.
Qxc4 b6 9. Bg5 Ba6 10. Qa4 c5 11. dxc5 bxc5 12. Rc1 Qb6 13. Bxf6 gxf6 14. Rc2
Rd8 15. e3 Bxf1 16. Rxf1 Nc6 17. Ke2 Na5 18. Nd2 Rd5 19. Rfc1 f5 20. g4 Rad8
21. gxf5 exf5 22. h3 Kf8 23. Ke1 Kg8 24. Ke2 Kf8 25. Ke1 Kg8 26. Ke2 1/2-1/2

[Event "The USA Championship 2019"]
[Site "Saint Louis USA"]
[Date "2019.03.31"]
[Round "11"]
[White "Robson, Ray"]
[Black "Akobian, Varuzhan"]
[Result "0-1"]
[WhiteElo "2667"]
[BlackElo "2625"]
[PlyCount "112"]
[EventDate "2019.03.20"]

1. c4 e6 2. Nc3 d5 3. d4 Nf6 4. cxd5 exd5 5. Bg5 c6 6. Qc2 Be7 7. e3 Nbd7 8.
Bd3 Nh5 9. Bxe7 Qxe7 10. Nge2 g6 11. O-O O-O 12. Rae1 Ndf6 13. Nc1 Bd7 14. f3
Rfe8 15. Nb3 b6 16. e4 Nf4 17. Qd2 Nxd3 18. Qxd3 Rad8 19. Qe3 Be6 20. e5 Nd7
21. Ne2 c5 22. Ng3 c4 23. Nd2 f6 24. f4 f5 25. Nf3 b5 26. h3 b4 27. Ne2 a5 28.
Kh2 Rf8 29. Ng5 h6 30. Nxe6 Qxe6 31. g4 Kh7 32. Qf3 Nb8 33. gxf5 gxf5 34. Ng3
Rg8 35. Rg1 Nd7 36. Re2 Rg6 37. Reg2 Rdg8 38. b3 c3 39. Qd3 Nf8 40. Qb5 Qf7 41.
Qxa5 Ne6 42. Qxd5 Rd8 43. Qc4 Rxd4 44. Qc8 Rg8 45. Qc6 Nxf4 46. Rf2 Qe6 47. Qc5
Rd5 48. Qe3 Nxh3 49. Nh5 Rxg1 50. Nf6+ Kg6 51. Nxd5 Qxd5 52. Kxh3 Rh1+ 53. Kg3
Rg1+ 54. Kh3 Rg4 55. Kh2 Qe4 56. Qb6+ Kh5 0-1

[Event "Gashimov Memorial 2019"]
[Site "Shamkir AZE"]
[Date "2019.03.31"]
[Round "1"]
[White "Anand, Viswanathan"]
[Black "Navara, David"]
[Result "1/2-1/2"]
[WhiteElo "2779"]
[BlackElo "2739"]
[PlyCount "82"]
[EventDate "2019.03.31"]

1. e4 c5 2. Nf3 d6 3. d4 cxd4 4. Nxd4 Nf6 5. Nc3 a6 6. Bd3 g6 7. f3 Bg7 8. Be3
Nc6 9. Qd2 Nxd4 10. Bxd4 Be6 11. g4 b5 12. h4 Qa5 13. a3 h6 14. O-O-O Rb8 15.
g5 Nh5 16. Bxg7 Nxg7 17. gxh6 Nh5 18. Qg5 f6 19. Qxg6+ Bf7 20. Qg1 b4 21. axb4
Qxb4 22. Kd2 Nf4 23. Qe3 Nxd3 24. Qxd3 Rxh6 25. Qxa6 Kf8 26. Ra1 d5 27. Ra4 Qc5
28. exd5 Rxb2 29. Qa7 Qd6 30. Qe3 Rg6 31. Ra8+ Kg7 32. Kc1 Qb4 33. Ra4 Rb1+ 34.
Nxb1 Qxa4 35. Qxe7 Rg2 36. Qe4 Qa7 37. Re1 Rg1 38. Nc3 Qa1+ 39. Kd2 Rg2+ 40.
Re2 Rg1 41. Qe7 Rd1+ 1/2-1/2

[Event "Gashimov Memorial 2019"]
[Site "Shamkir AZE"]
[Date "2019.03.31"]
[Round "1"]
[White "Giri, Anish"]
[Black "Topalov, Veselin"]
[Result "1/2-1/2"]
[WhiteElo "2797"]
[BlackElo "2740"]
[PlyCount "99"]
[EventDate "2019.03.31"]

1. e4 e5 2. Nf3 Nc6 3. Bb5 Nf6 4. d3 Bc5 5. Bxc6 dxc6 6. O-O Qe7 7. Nbd2 Bg4 8.
h3 Bh5 9. a3 Nd7 10. b4 Bd6 11. Nc4 f6 12. Ne3 Nf8 13. Nf5 Qd7 14. Be3 Ne6 15.
c3 O-O-O 16. Ng3 Bxf3 17. Qxf3 Kb8 18. Rfd1 g6 19. d4 exd4 20. cxd4 Rhf8 21.
Bh6 Rf7 22. d5 cxd5 23. Rxd5 Qe8 24. Rad1 Rc8 25. Qg4 Bf8 26. Bxf8 Nxf8 27. Ne2
h5 28. Qf3 Nd7 29. Nc3 Ne5 30. Qe2 Re7 31. f4 Nf7 32. R5d4 Nd6 33. Qd3 Re6 34.
b5 b6 35. a4 g5 36. f5 Re5 37. Rf1 Rd8 38. Rd1 Rc8 39. Ra1 g4 40. hxg4 hxg4 41.
Rd1 Kb7 42. Rd5 Rxd5 43. Qxd5+ Kb8 44. Qd4 Qh5 45. Nd5 g3 46. Nxf6 Qh2+ 47. Kf1
Qh1+ 48. Qg1 Qh4 49. Qd4 Qh1+ 50. Qg1 1/2-1/2

[Event "Gashimov Memorial 2019"]
[Site "Shamkir AZE"]
[Date "2019.03.31"]
[Round "1"]
[White "Radjabov, Teimour"]
[Black "Carlsen, Magnus"]
[Result "1/2-1/2"]
[WhiteElo "2756"]
[BlackElo "2845"]
[PlyCount "81"]
[EventDate "2019.03.31"]

1. e4 e5 2. Nf3 Nc6 3. Bc4 Nf6 4. d3 Be7 5. O-O O-O 6. h3 d6 7. a4 a5 8. Nbd2
Nd7 9. Re1 Nb6 10. Bb3 Kh8 11. c3 f5 12. exf5 Bxf5 13. Nf1 Bg6 14. Ng3 Bf6 15.
Ne4 d5 16. Nxf6 Qxf6 17. Bg5 Qf5 18. Qd2 Rae8 19. Be3 Bh5 20. Bd1 Qd7 21. Bxb6
cxb6 22. Qg5 Qf7 23. Qh4 Bg6 24. Bb3 Qd7 25. Qg3 d4 26. Nxe5 Nxe5 27. Rxe5 dxc3
28. Rxe8 Rxe8 29. bxc3 Qxd3 30. Qxd3 Bxd3 31. Rd1 Be4 32. Rd6 Bc6 33. Bd5 Bxd5
34. Rxd5 Re1+ 35. Kh2 h6 36. Rd7 Rc1 37. Rxb7 Rxc3 38. Rxb6 Rc4 39. Ra6 Rxa4
40. f4 Rxf4 41. Rxa5 1/2-1/2

[Event "Gashimov Memorial 2019"]
[Site "Shamkir AZE"]
[Date "2019.03.31"]
[Round "1"]
[White "Karjakin, Sergey"]
[Black "Ding, Liren"]
[Result "1/2-1/2"]
[WhiteElo "2753"]
[BlackElo "2812"]
[PlyCount "48"]
[EventDate "2019.03.31"]

1. e4 e5 2. Nf3 Nc6 3. Bc4 Nf6 4. d3 Bc5 5. c3 d6 6. O-O O-O 7. Re1 a5 8. Bg5
h6 9. Bh4 g5 10. Bg3 Nh7 11. d4 Bb6 12. dxe5 h5 13. h4 Bg4 14. Nbd2 Nxe5 15.
Be2 Nxf3+ 16. Nxf3 Re8 17. Qd2 Bxf3 18. Bxf3 gxh4 19. Bf4 Qf6 20. Bxh5 Qg7 21.
Bh6 Qf6 22. Bf4 Qg7 23. Bh6 Qf6 24. Bf4 Qg7 1/2-1/2

[Event "Gashimov Memorial 2019"]
[Site "Shamkir AZE"]
[Date "2019.03.31"]
[Round "1"]
[White "Grischuk, Alexander"]
[Black "Mamedyarov, Shakhriyar"]
[Result "1/2-1/2"]
[WhiteElo "2771"]
[BlackElo "2790"]
[PlyCount "74"]
[EventDate "2019.03.31"]

1. e4 e5 2. Nf3 Nc6 3. Bb5 Nf6 4. O-O Nxe4 5. Re1 Nd6 6. Nxe5 Be7 7. Bf1 Nxe5
8. Rxe5 O-O 9. d4 Bf6 10. Re1 Re8 11. Bf4 Rxe1 12. Qxe1 Ne8 13. c3 d5 14. Bd3
c6 15. Nd2 g6 16. Qe2 Ng7 17. Re1 Bf5 18. Nf3 Bxd3 19. Qxd3 Qa5 20. a3 Re8 21.
Rxe8+ Nxe8 22. Qe2 Qd8 23. g3 Qd7 24. Kg2 Kg7 25. Bb8 a6 26. Be5 Bxe5 27. Qxe5+
f6 28. Qe2 Kf7 29. Ne1 Nd6 30. Nd3 a5 31. a4 b6 32. f3 Qe6 33. Kf2 Qh3 34. Kg1
Qe6 35. Kf2 Qh3 36. Kg1 Qe6 37. Kf2 Qh3 1/2-1/2

[Event "Gashimov Memorial 2019"]
[Site "Shamkir AZE"]
[Date "2019.04.01"]
[Round "2"]
[White "Mamedyarov, Shakhriyar"]
[Black "Radjabov, Teimour"]
[Result "1/2-1/2"]
[WhiteElo "2790"]
[BlackElo "2756"]
[PlyCount "81"]
[EventDate "2019.03.31"]

1. d4 d5 2. Nf3 Nf6 3. c4 e6 4. g3 Bb4+ 5. Bd2 Be7 6. Bg2 O-O 7. O-O Nbd7 8.
Qc2 c6 9. Rc1 b6 10. cxd5 cxd5 11. Qd1 Bb7 12. a3 a6 13. Bf4 Rc8 14. Nbd2 Rxc1
15. Rxc1 Qa8 16. Ne5 Nxe5 17. Bxe5 Rc8 18. Bxf6 Rxc1 19. Qxc1 Bxf6 20. e3 Qc8
21. Qxc8+ Bxc8 22. Bf1 e5 23. Nf3 exd4 24. Nxd4 Bxd4 25. exd4 Kf8 26. Kg2 Ke7
27. Kf3 Kd6 28. Bd3 h6 29. g4 g5 30. Kg3 f6 31. f4 a5 32. f5 Bd7 33. b4 axb4
34. axb4 b5 35. h4 Be8 36. h5 Bd7 37. Kf3 Kc7 38. Kg3 Kd6 39. Kf3 Kc7 40. Kg3
Kd6 41. Kf3 1/2-1/2

[Event "Gashimov Memorial 2019"]
[Site "Shamkir AZE"]
[Date "2019.04.01"]
[Round "2"]
[White "Ding, Liren"]
[Black "Grischuk, Alexander"]
[Result "1-0"]
[WhiteElo "2812"]
[BlackElo "2771"]
[PlyCount "153"]
[EventDate "2019.03.31"]

1. d4 Nf6 2. c4 g6 3. f3 c5 4. d5 d6 5. e4 e6 6. Nc3 exd5 7. cxd5 Bg7 8. Nge2
Nbd7 9. Ng3 h5 10. Be2 Nh7 11. Nf1 Qh4+ 12. g3 Qe7 13. Ne3 O-O 14. a4 Ne5 15.
O-O Bh3 16. Re1 Rae8 17. Bd2 a6 18. Ra3 Qc7 19. f4 Nd7 20. Bxh5 c4 21. Bf3 Nc5
22. Qc2 Nb3 23. Rxb3 cxb3 24. Qxb3 Kh8 25. Ncd1 f5 26. Nf2 fxe4 27. Bxe4 Bf5
28. Rc1 Qd7 29. Bf3 Nf6 30. Rc4 Qe7 31. Nxf5 gxf5 32. Kg2 Rc8 33. Rb4 Rc7 34.
a5 Nd7 35. Bd1 Qf7 36. Rxb7 Rxb7 37. Qxb7 Rb8 38. Qc6 Rxb2 39. Bc2 Bd4 40. Nd3
Qe7 41. Kf1 Rb8 42. Ne1 Nc5 43. Nf3 Bf6 44. Bxf5 Rb3 45. Qc8+ Kg7 46. Ng5 Bxg5
47. fxg5 Rf3+ 48. Kg2 Qe2+ 49. Kh3 Rxf5 50. Qxf5 Qxd2 51. Qf6+ Kg8 52. Qg6+ Kh8
53. Qxd6 Nd3 54. Qh6+ Kg8 55. Qe6+ Kg7 56. Qe7+ Kg8 57. d6 Nf2+ 58. Kh4 Qd4+
59. Kh5 Qd1+ 60. g4 Nxg4 61. Qe8+ Kg7 62. Qd7+ Kh8 63. Qxg4 Qxd6 64. Qc8+ Kg7
65. Qc3+ Kh7 66. Qc2+ Kg7 67. h4 Qe6 68. Qc7+ Kh8 69. Qd8+ Kh7 70. Qc7+ Kh8 71.
Qb6 Qc4 72. Qd8+ Kg7 73. Qe7+ Kg8 74. Kh6 Qc6+ 75. g6 Qc1+ 76. Qg5 Qd1 77. Qf4
1-0

[Event "Gashimov Memorial 2019"]
[Site "Shamkir AZE"]
[Date "2019.04.01"]
[Round "2"]
[White "Carlsen, Magnus"]
[Black "Anand, Viswanathan"]
[Result "1-0"]
[WhiteElo "2845"]
[BlackElo "2779"]
[PlyCount "85"]
[EventDate "2019.03.31"]

1. d4 Nf6 2. c4 e6 3. Nf3 d5 4. Nc3 Be7 5. Bf4 O-O 6. e3 c5 7. dxc5 Bxc5 8. Qc2
Nc6 9. a3 Qa5 10. Rd1 Rd8 11. Be2 Ne4 12. cxd5 Nxc3 13. bxc3 exd5 14. O-O h6
15. a4 Bd6 16. Bxd6 Rxd6 17. c4 Be6 18. c5 Rdd8 19. Rb1 Qc7 20. Qb2 Rab8 21.
Nd4 Nxd4 22. Qxd4 b6 23. cxb6 Rxb6 24. h3 Rc8 25. Rfd1 Qc3 26. Qxc3 Rxc3 27. a5
Rxb1 28. Rxb1 Rc5 29. a6 g6 30. Rb7 Rc1+ 31. Kh2 Rc2 32. Bb5 Rb2 33. Kg3 Bc8
34. Rb8 Kg7 35. Rxc8 Rxb5 36. Rc7 Ra5 37. Rxa7 Kf6 38. Ra8 Ra3 39. Kh2 h5 40.
a7 Ra2 41. h4 Kf5 42. f3 Ra1 43. g3 1-0